Normal view
MARC view
- Fahnestock, James D
Entry Personal Name
001 - CONTROL NUMBER
- control field: 104191
003 - CONTROL NUMBER IDENTIFIER
- control field: NUST
005 - DATE AND TIME OF LATEST TRANSACTION
- control field: 20221206101759.0
008 - FIXED-LENGTH DATA ELEMENTS
- fixed length control field: 221206|| aca||aabn | a|a d
040 ## - CATALOGING SOURCE
- Original cataloging agency: NUST
- Transcribing agency: NUST
100 ## - HEADING--PERSONAL NAME
- Personal name: Fahnestock, James D
670 ## - SOURCE DATA FOUND
- Source citation: Work cat.: (NUST)182451: Henney, Keith 104190, Electron tubes in industry /, 1952
